000
00292 a2200157 4500
001
60165
020
_a
040
_c
Anchieta - Pituba
100
_a
Rizzo, Gilda
240
1
0
_a
Creche
_l
por
245
1
0
_a
Creche
300
_a
258
362
0
_a
1984
650
4
_a
Educação
942
_c
BK
999
_c
60165
_d
60165